|
|
|
|
| LEADER |
00000nab a2200000 a 4500 |
| 001 |
vtls000581067 |
| 003 |
SK-MaSNL |
| 005 |
20260304100415.0 |
| 008 |
250425c1995 xo 0 slo |
| 015 |
|
|
|a SNBRB19rr/mm-uuuuu
|
| 035 |
|
|
|a CL0581205
|
| 035 |
|
|
|a urn:nbn:sk:snk-abaka3
|
| 035 |
|
|
|a (urnnbn)urn:nbn:sk:snk:ar-a0a0u4
|
| 035 |
|
|
|a (uuid)81edb5fa-2ad6-4cad-87b7-c4ea485bfc6d
|
| 040 |
|
|
|a SNKBUCL
|b slo
|c SNKBUCL
|e AACR2
|
| 041 |
0 |
|
|a cze
|
| 044 |
|
|
|a xo
|c SK
|
| 080 |
|
|
|a 616-008.9:577.112.856
|2 1981
|
| 080 |
|
|
|a 577.112.856
|2 1981
|
| 100 |
1 |
|
|a Vaverková, H.
|4 aut
|9 996229
|
| 245 |
1 |
0 |
|a Hyperlipoproteinémie jako rizikový faktor ischemické choroby srdeční
|c H. Vaverková
|
| 300 |
|
|
|b Res. angl., čes., lit. 32 zázn. v angl.
|
| 650 |
0 |
7 |
|a hyperlipoproteinémia
|2 snkbucl
|9 2489
|
| 650 |
0 |
7 |
|a srdce
|2 snkbucl
|9 13574
|
| 650 |
0 |
7 |
|a choroba ischemická
|2 snkbucl
|9 898747
|
| 655 |
|
7 |
|a články z novín a časopisov
|2 snkbucl
|9 267496
|
| 773 |
0 |
|
|t Vnitřní lékařství
|g Roč. 41, č. 5 (1995), s. 340-343
|x 0042-773X
|
| 850 |
|
|
|a Slovenská národná knižnica
|
| 852 |
|
|
|a Slovenská národná knižnica
|
| 954 |
|
|
|a odborná, vedecká literatúra cudzojazyčná (svetová)
|2 lita
|
| 958 |
|
|
|a article14
|
| 958 |
|
|
|a OND
|
| 958 |
|
|
|a NB
|
| 958 |
|
|
|a RK
|
| 958 |
|
|
|a NX
|
| 958 |
|
|
|a EUIPO
|
| 992 |
|
|
|a RBX
|
| 999 |
|
|
|c 2837813
|d 2839743
|